[Event "Lipetsk Region-ch"]
[Site "Lipetsk"]
[Date "2007.11.19"]
[Round "2"]
[White "Ruchkin, Ivan"]
[Black "Shishkin, Aleksey"]
[Result "1/2-1/2"]
[WhiteElo "2154"]
[BlackElo "2109"]
[PlyCount "46"]
[EventDate "2007.11.18"]
[EventType "swiss"]
[EventRounds "9"]
[EventCountry "RUS"]
[SourceTitle "CBM 121 Extra"]
[Source "ChessBase"]
[SourceDate "2008.01.10"]
[SourceVersion "1"]
[SourceVersionDate "2008.01.10"]
[SourceQuality "1"]

1. d4 Nf6 2. c4 e6 3. Nc3 Bb4 4. g3 c5 5. Nf3 0-0 6. Bg2 d5 7. dxc5 dxc4 8. Qxd8 Rxd8 9. Bg5 Nc6 10. 0-0 Bxc5 11. Bxf6 gxf6 12. Ne4 Be7 13. Rfc1 Na5 14. Ned2 Bd7 15. Nxc4 Nxc4 16. Rxc4 Bc6 17. Nd4 Bxg2 18. Kxg2 f5 19. Rac1 Bf6 20. e3 Rd7 21. Rc7 Rad8 22. Rxd7 Rxd7 23. Rc4 Kg7 1/2-1/2

[Event "Lipetsk City-ch"]
[Site "Lipetsk"]
[Date "2007.08.16"]
[Round "3"]
[White "Filin, Alexander"]
[Black "Shishkin, Aleksey"]
[Result "1/2-1/2"]
[WhiteElo "2139"]
[BlackElo "2109"]
[PlyCount "94"]
[EventDate "2007.08.14"]
[EventType "swiss"]
[EventRounds "9"]
[EventCountry "RUS"]
[SourceTitle "EXT 2009"]
[Source "ChessBase"]
[SourceDate "2008.11.26"]
[SourceVersion "1"]
[SourceVersionDate "2008.11.26"]
[SourceQuality "1"]

1. c4 e6 2. d4 d5 3. Nc3 Nf6 4. Bg5 Be7 5. Nf3 0-0 6. e3 h6 7. Bh4 b6 8. Bxf6 Bxf6 9. cxd5 exd5 10. Qc2 Be6 11. Rd1 Qe7 12. Be2 Rd8 13. 0-0 c5 14. dxc5 bxc5 15. Na4 Nd7 16. b3 Rac8 17. Ba6 Rc6 18. Bb5 Rc7 19. Nd4 Ne5 20. Nxe6 fxe6 21. e4 Nc6 22. Bxc6 Rxc6 23. Rfe1 Qc7 24. exd5 exd5 25. Nc3 Bxc3 26. Qxc3 c4 27. Rd4 cxb3 28. Qxb3 Rc1 29. Qe3 Rxe1+ 30. Qxe1 Qc5 31. Qd2 Rc8 32. Rxd5 Qc1+ 33. Qd1 Rc2 34. g3 Qxd1+ 35. Rxd1 Rxa2 36. Rd7 a5 37. Ra7 a4 38. h4 a3 39. Kg2 Ra1 40. Kf3 Kh7 41. h5 Ra2 42. Ra8 Ra1 43. Kg4 Ra2 44. f4 Ra1 45. Kf5 Ra2 46. g4 Ra1 47. Ra4 Ra2 1/2-1/2